000 00582nam a2200193 4500
001 132947
003 ES-MaACL
005 20250808081322.0
007 t|
008 070214s1915 sp r ||||1| spa d
100 1 _aRoyo Villanova, Antonio,
_d1869-1958
_9100235
245 1 0 _aElementos de Derecho Administrativo /
_cpor Antonio Royo Villanova.
250 _a4ª ed.
260 _aValladolid :
_b[s. n.],
_c1915.
300 _a525 p. ;
_c23 x 15 cm.
650 7 _aDerecho administrativo-
_zEspaña
_2
_9145992
852 _aES-MaACL
_jB-5423
999 _c132947
_d132947